000 00961nam a22003257a 4500
001 BR7314061
003 BR-BrBNA
005 20230928084252.0
007 ta
008 230509b bl.||||| |||| 00| 0 por d
040 _aBR-BrBNA
_bpor
_cBiblioteca Nacional de Agricultura
041 _a(Por)
072 _aF01; F30; H60
_b0120
_b/G514
090 _ 0120 BR7314061
110 1 _aPrograma Integrado de Pesquisas Agropecuarias do Estado de Minas Gerais, Belo Horizonte (Brasil)
_97991
245 1 _aRevisao de literatura da cultura de milho no estado de Minas Gerais
260 3 _aBelo Horizonte, MG (Brasil):
_c1974.
300 _a186 p.
650 _aMILHO
650 _aERVA DANINHA
650 _aADUBACAO
650 _aSILAGEM
650 _aMELHORAMENTO VEGETAL
650 _aPRATICA CULTURAL
650 _aDOENCA DE PLANTA
650 _aPRAGA DE PLANTA
650 _aMINAS GERAIS
909 _a202309
_bLucia
_c55
_dLucia Elande
942 _cBK
999 _c17815
_d17815